| 000 | 00488nam a22001455i 4500 | ||
|---|---|---|---|
| 001 | 171593 | ||
| 003 | ES-MaACL | ||
| 005 | 20230906214654.0 | ||
| 008 | 090521s1881 sp |||| | spa d | ||
| 110 | 2 |
_aColegio de Carreras (Barcelona) _9140272 |
|
| 245 | 1 | 0 | _aColegio de Carreras establecido en San Gervasio á 2 1/2 kilómetros de Barcelona. |
| 260 |
_a[S.l. : _bs.n.], _c1881 ( _fImp. de Inglada y Pujadas) |
||
| 300 |
_a16 p., [1] h. pleg. ; _c19 cm. |
||
| 852 |
_aES-MaACL _jT-368-F-14 |
||
| 999 |
_c171593 _d171593 |
||